A muller en Galicia (Record no. 123153)

MARC details
000 -LEADER
campo de control de longitud fija 00566nam a2200169 4500
001 - NÚMERO DE CONTROL
campo de control 123153
003 - IDENTIFICADOR DE NÚMERO DE CONTROL
campo de control ES-MaACL
005 - FECHA Y HORA DE LA ÚLTIMA TRANSACCIÓN
campo de control 20230906192123.0
007 - CAMPO FIJO DE DESCRIPCIÓN FÍSICA--INFORMACIÓN GENERAL
campo de control de longitud fija t|
008 - DATOS DE LONGITUD FIJA--INFORMACIÓN GENERAL
campo de control de longitud fija 070214s1977 sp r ||||0| gao d
100 1# - ENTRADA PRINCIPAL--NOMBRE DE PERSONA
Nombre de persona Queizan, María Xosé.
9 (RLIN) 178370
245 10 - MENCIÓN DEL TÍTULO
Título A muller en Galicia
Resto del título : a muller na sociedade galega, a lingua galega e a muller : (analise estructural de dous métodos represivos) /
Mención de responsabilidad, etc. María Xosé Queizan.
260 ## - PUBLICACIÓN, DISTRIBUCIÓN, ETC.
Lugar de publicación, distribución, etc. A Coruña :
Nombre del editor, distribuidor, etc. Do Castro,
Fecha de publicación, distribución, etc. 1977.
300 ## - DESCRIPCIÓN FÍSICA
Extensión 99 p ;
Dimensiones 19 cm.
852 ## - LOCALIZACIÓN
Ubicación ES-MaACL
Número de control de estantería A-7209
Sublocalización o colección R.96049
Holdings
Estatus retirado Estado de pérdida Estado de daño No para préstamo Biblioteca de origen Biblioteca actual Ubicación en estantería Fecha de adquisición Fuente de adquisición Total de préstamos Signatura topográfica completa Código de barras Visto por última vez Precio de reemplazo Tipo de ítem Koha
        Biblioteca del Ateneo de Madrid Biblioteca del Ateneo de Madrid Sala Pecera Planta 1 17/01/2008     A-7209 1128325 23/02/2023 23/02/2023 Libro impreso